000
00221 a2200097 4500
001
13656
100
_a
Pandit V L
245
_a
Scope of Happiness
260
_a
New Delhi
_b
Vikas Publishers House
_c
090
_c
10650
_d
10650
942
_a
NUST-CAE
_c
M
_c
726
999
_c
248729
_d
248729